000 00507nam a2200157 i 4500
001 39004
003 ES-MaACL
007 t|
008 030227s1969 sp ||||1| spa d
100 1 _aCampabadal Martí, José.
_934106
245 1 0 _aEngranajes /
_cpor José Campabadal Martí ; prólogo por Antonio Guerendiain Ponte.
260 _aEsplugues de Llobregat :
_bAriel,
_c[1969]
300 _a448 p. :
_bil. ;
_c25 cm.
700 1 _aGuerendiain Ponte, Antonio.
_960458
852 _aES-MaACL
_jE-5831
_bR.90200
999 _c39004
_d39004